| 000 | 00817nam a2200169 a 4500 | ||
|---|---|---|---|
| 005 | 20210223121258.0 | ||
| 008 | 991125s1964 gua 000 0 spa u | ||
| 035 | _aUPN01000014894 | ||
| 049 | _aCG | ||
| 050 | 4 |
_aLA237 _bG8.3 1964 |
|
| 110 | 1 |
_aGuatemala. _bMinisterio de Educación Pública. _bOficina de Planeamiento Integral de la Educación |
|
| 245 | 1 | 0 |
_aDiagnóstico preliminar de la educación en Guatemala : _balgunas sugestiones para los proyectos tendientes a solucionar los problemas encontrados / _cMinisterio de Educación Pública, Oficina de Planeamiento Integral de la Educación. |
| 260 |
_aGuatemala : _bMinisterio de Educación Pública, Oficina de Planeamiento Integral de la Educación, _c1964. |
||
| 300 |
_a69 p., [1] h. pleg. : _bil. |
||
| 650 | 4 |
_aEDUCACION - _zGUATEMALA _99713 |
|
| 905 | _aLibro | ||
| 999 |
_c14894 _d14894 |
||